00292 a2200121 4500260000900000245008400009300001000093260001000103260000900113300002400122130000700146710001700153 bITEB aLa Production des bovins : anoestrus post- partum, transplantation embryonnaire a144p. aParis c1983 bCouv. ill. en coul. lFr aITEB -UNCEIA